| 000 | 005270000a22001810004500 | ||
|---|---|---|---|
| 003 | LK-CoMWRAF | ||
| 008 | 230817t ||||| |||| 00| 0 eng d | ||
| 040 |
_aLK-CoMWRAF _dLK-CoMWRAF _eLK-CoMWRAF |
||
| 041 | _aeng | ||
| 082 |
_a092 _bMAJ |
||
| 100 | _aMajeed, Mazoor A. | ||
| 245 |
_aSollaatha Sethikal (Messages - Unspoken) _b |
||
| 260 |
_bPengal Aiyuvadda Veliyida (Women's Study Circle) _aSri Lanka (Jaffna) _c1986 |
||
| 300 | _ap.42 | ||
| 650 | _aA Collection of Twenty four Poems | ||
| 650 | _aTamil text | ||
| 942 | _cBK | ||
| 999 |
_c2056 _d2056 |
||